| 000 | 00626nam a2200205 a 4500 | ||
|---|---|---|---|
| 001 | 000043211 | ||
| 005 | 20201002040727.0 | ||
| 008 | 140225s2014 nyu 000 0 spa d | ||
| 020 | _a9780062130174 | ||
| 040 |
_aDO-SdBNP _bspa _cBNPHU |
||
| 082 |
_axxx _bxxx |
||
| 100 | 1 |
_aMcQuein, Josin L. _970801 |
|
| 245 | 1 | 0 |
_aMeridian / _cJosin L. McQuein. |
| 246 | 1 | 0 | _aMeridian : the between the light and dark is about to be erased |
| 260 |
_aNew York, N. Y. : _bGreenwillow Books, _c2014. |
||
| 300 |
_a458 p. ; _c21 cm. |
||
| 490 | 1 |
_aGreenwillow _v5/14 |
|
| 500 | _aThe sequel to Arclight | ||
| 830 | 0 |
_aGreenwillow _n5/14 _970802 |
|
| 999 |
_c42700 _d42700 |
||